00134as aa2200061a 4450024500400000004100130004026000190005310aJournal of Environment Development0 aInglés aGran Bretaña